Logo BPK

Bibliografia Prac Pracowników

Politechniki Koszalińskiej

Materiały z drugiej konferencji dydaktycznej / (Rekord nr 7317)

Szczegóły MARC
000 -ETYKIETA REKORDU
podpole kontrolne o stałej długości 00752nam a22002057a 4500
001 - NUMER KONTROLNY REKORDU
podpole kontrolne 7317
003 - IDENTYFIKATOR NUMERU KONTROLNEGO REKORDU
podpole kontrolne KOSZ 005
005 - DATA OSTATNIEJ MODYFIKACJI REKORDU
podpole kontrolne 20171130101537.0
008 - POLE O STAŁEJ DŁUGOŚCI - DANE KONTROLNE
podpole kontrolne o stałej długości 160217b1975 pl ||||| |||| 00| 0 pol
040 ## - ŹRÓDŁO KATALOGOWANIA
Instytucja, która utworzyła rekord BPK
Instytucja, która dokonała modyfikacji KOSZ 005/EG
100 1# - NAZWA OSOBOWA
Nazwa osobowa MOŚCICKI, Adam.
Lata pracy 1973 - 1996 .
Instytucja Wyższa Szkoła Inżynierska w Koszalinie - Instytut Nauk Społecznych
245 10 - TYTUŁ/ODPOWIEDZIALNOŚĆ
Tytuł Materiały z drugiej konferencji dydaktycznej /
Pozostałe elementy strefy tytułu i oznaczenia odpowiedzialności red. Adam Mościcki.
260 ## - STREFA ADRESU WYDAWNICZEGO
Miejsce wydania Koszalin :
Nazwa wydawcy/dystrybutora Wydaw. Uczelniane Wyższej Szkoły Inżynierskiej,
Data publikacji, dystrybucji/powstania dokumentu 1975.
300 ## - STREFA OPISU FIZYCZNEGO
Objętość 52 s. :
Inne cechy fizyczne tabl., wykr.
490 ## - STREFA SERII I DOKUMENTU WIELOCZĘŚCIOWEGO - FORMA NIE DO WYSZUKIWANIA
Tytuł i oznaczenie odpowiedzialności serii Materiały Informacyjne ;
Numeracja w obrębie serii nr 1
500 ## - UWAGI OGÓLNE
Tekst uwagi Dane z kartoteki bpp.
655 #0 - TERMIN INDEKSOWY - OKREŚLENIE RODZAJU/FORMY DOKUMENTU
Określnie rodzaju/formy dokumentu Materiały konferencyjne.
830 ## - HASŁO DODATKOWE SERII LUB DOKUMENTU WIELOCZĘŚCIOWEGO - TYTUŁ UJEDNOLICONY
Tytuł ujednolicony Materiały Informacyjne ;
Oznaczenie tomu nr 1
942 ## - HASŁO DODATKOWE - ELEMENTY(KOHA)
Typ dokumentu Książka
Schemat klasyfikacji Uniwersalna klasyfikacja dziesiętna

Brak dostępnych egzemplarzy.

© 2014 Biblioteka Politechniki Koszalińskiej :: BIBLIOGRAFIA PRAC PRACOWNIKÓW